Understanding mortgage meltdowns (Record no. 68856)
[ view plain ]
| 000 -LEADER | |
|---|---|
| fixed length control field | 01650nam a2200409Ia 4500 |
| 082 04 - DEWEY DECIMAL CLASSIFICATION NUMBER | |
| Classification number | 332.722 |
| 245 00 - TITLE STATEMENT | |
| Title | Understanding mortgage meltdowns |
| 260 ## - PUBLICATION, DISTRIBUTION, ETC. (IMPRINT) | |
| Place of publication | New York : |
| Name of publisher | Nova Science Publishers, |
| Year of publication | c2009. |
| 300 ## - PHYSICAL DESCRIPTION | |
| Number of Pages | xiii, 177 p. : |
| Other physical details | ill. (some col.) |
| 650 #0 - SUBJECT ADDED ENTRY--TOPICAL TERM | |
| Topical Term | Mortgage loans |
| Topical Term | Mortgage loans |
| Topical Term | Subprime mortgage loans |
| Topical Term | Subprime mortgage loans |
| Topical Term | Foreclosure |
| Topical Term | Financial crises |
| Topical Term | Global Financial Crisis, 2008-2009. |
| 700 1# - ADDED ENTRY--PERSONAL NAME | |
| Personal name | Carey, Arlene V. |
| 856 40 - ELECTRONIC LOCATION AND ACCESS | |
| Uniform Resource Identifier | http://site.ebrary.com/lib/rucke/Doc?id=10662924 |
No items available.
